000 00875nam0a22002771 4500
001 v19\rc\1980418
005 20251118181158.8
035 _a(NLR Aleph) 005063639
090 _a7022215
_c7022215
100 _a20080623d1914 u y0rusy50 ca
101 1 _arus
_cger
102 _aRU
105 _ay z |||a|
200 1 _aГнездо разбойников, или Остров пиратов
_eРассказ Франца Писториуса
_fПер. с нем. Н.К.
210 _aМосква
_cт-во И.Д. Сытина
_d1914
215 _a94 с.
_d18
517 0 _aОстров пиратов
700 1 _aПисториус
_bФ.
_gФранц
702 0 _aН. К.
_4730
801 0 _aRU
_bNLR
_gpsbo
801 0 _aRU
_bRuMoRGB
_2psbo
801 1 _aRU
_bProSoft-M
_2rusmarc
852 _aNLR
_j37.54.8.293
899 _aRuMoRGB
_jW 106/652
942 _cBOOK
980 _aNB